| 000 | 00984nam a22002537a 4500 | ||
|---|---|---|---|
| 001 | 22199 | ||
| 005 | 20260407164325.0 | ||
| 008 | 260407b |||||||| |||| 00| 0 spa d | ||
| 041 | _aESP | ||
| 082 |
_a621.38412 _bH28 |
||
| 100 | _aHayt, William H. | ||
| 245 | _aAnálisis de circuitos en ingeniería | ||
| 260 |
_a : _b , _c2012 |
||
| 300 |
_axvi, 849 páginas : _b ; _c27 cm. |
||
| 440 | _a ; | ||
| 650 | _aTCA | ||
| 654 | _aCIM | ||
| 700 | _a; | ||
| 856 |
_uhttps://itmsp.museknowledge.com/UCSP?url=https://www.ebooks7-24.com:443/?il=9273&pg=1 _zVersión digital (2019) |
||
| 856 |
_uhttps://0u213vi6k-y-https-ebooks7--24-com.itmsp.museknowledge.com/biblioteca.aspx _zVéase además: Base de datos Ebook7-24 |
||
| 856 |
_uhttps://0u206vi6r-y-https-ieeexplore-ieee-org.itmsp.museknowledge.com/Xplore/home.jsp _zVéase además: Base de datos IEEE Xplore |
||
| 856 |
_uhttps://dl.acm.org/ _zVéase además: Base de datos ACM Digital Library |
||
| 942 |
_cLIB _dJUS _fJUS _n0 _2ddc |
||
| 999 |
_c22199 _d22199 |
||